Návrh zdokonalenia systému vzdelávania zamestnancov v podniku Slovenské elektrárne, a.s.
Salvato in:
| Autore principale: | |
|---|---|
| Altri autori: | |
| Natura: | Manoscritto Libro |
| Lingua: | slovacco |
| Pubblicazione: |
2016
|
| Soggetti: | |
| Accesso online: | http://is.stuba.sk/zp/portal_zp.pl?podrobnosti=119045 |
| Tags: |
Nessun Tag, puoi essere il primo ad aggiungerne!!
|
MARC
| LEADER | 00000ntm a22000003a 4500 | ||
|---|---|---|---|
| 001 | stuzp55887 | ||
| 003 | SK-STU | ||
| 005 | 20160719154837.8 | ||
| 007 | ta | ||
| 008 | 150427s2015----xo-----f-mn---000-0-slo-d | ||
| 040 | |a STU |b slo | ||
| 041 | 0 | |a slo | |
| 100 | 1 | |a Sokolovičová, Lucia |u 064000 |k Z4 |4 aut |U MTF Materiálovotechnologická fakulta |T MTF Ústav priemyselného inžinierstva a manažmentu |X 6654 |U M4000 |Y 84 |7 A000006654 | |
| 242 | 0 | 1 | |a The proposal of improvement education process for the employees working in Slovak Power Plant Factory, j.s. |y eng |
| 245 | 1 | 0 | |a Návrh zdokonalenia systému vzdelávania zamestnancov v podniku Slovenské elektrárne, a.s. |
| 260 | |c 2016 | ||
| 650 | 4 | |a vzdelávanie |2 slo | |
| 650 | 4 | |a zamestnanci |2 slo | |
| 650 | 4 | |a odborná príprava |2 slo | |
| 650 | 4 | |a employees |2 eng | |
| 650 | 4 | |a training |2 eng | |
| 650 | 4 | |a education |2 eng | |
| 700 | 1 | |a Szabó, Peter |u 064000 |k Z1 |4 ths |U MTF Materiálovotechnologická fakulta |T MTF Ústav priemyselného inžinierstva a manažmentu |X 19244 |U M4000 |Y 84 |7 A000019244 | |
| 856 | 4 | |u http://is.stuba.sk/zp/portal_zp.pl?podrobnosti=119045 | |
| 996 | |c M* DP-12729 |l MMSKP |s P |a 0 |w stuzp55887_0001 | ||
| SQL | |a stuzp55887 |b DDP |c SLO |d Návrh zdokonalenia systému vzdelávania zamestnancov v podniku Slovenské elektrárne, a.s. |e 6654 |f Sokolovičová, Lucia |g 064000 |h 19244 |i Szabó, Peter |j 20160531 |k 189 |l 06 |m http://is.stuba.sk/zp/portal_zp.pl?podrobnosti=119045 |n I-PMA |o 5.2.52. priemyselné inžinierstvo | ||